000 00401nam a22001577a 4500
003 SGT
020 _a978-93-81608-54-8
082 _a615.53
_bD20H
100 _aHEGDE,PRAKSAH.L
245 _a A TEXT BOOK OF DRAVYAGUNA VIJNANA
260 _aNEW DELHI
_bCHAUKHAMBHA PUB
_c2020
300 _a804
650 _aAYURVEDA
653 _aDRAVYAGUNA, DRAVYAGUNA VIJNANA, AYURVEDA DRUG
942 _2ddc
_cBK
_045
999 _c21594
_d21594